000 00547nam a2200193 4500
003 OSt
005 20260601171022.0
008 260521b\\\\\\\\||||||||\||||\00|\0\spa\d
040 _aICI
_bspa
_cICI
_erda
050 _aF1219.1.A95
_bM38
100 _aMatos Moctezuma, Eduardo
_eautor
_94820
245 _aEcos y reflejos:
_bPrehispánico
264 _aMéxico
_bAnrigui Colegio de San Ildefonso
_c1992
300 _a16 páginas
336 _2rdacontent
_atexto
337 _2rdamedia
_asin medio
338 _2rdacarrier
_avolumen
942 _2lcc
_n1
_cB
999 _c20933
_d20933